LEADER 01080nam0-2200349---450- 001 990009677930403321 005 20130315133532.0 010 $a9788897083481 035 $a000967793 035 $aFED01000967793 035 $a(Aleph)000967793FED01 035 $a000967793 100 $a20130206d2012----km-y0itay50------ba 101 0 $aita 102 $aIT 105 $aa-------001yy 200 1 $a<>provincia di Salerno$estoria, arte e paesaggio$f[testi e cura Lorenzo Santoro] 210 $aNapoli$cPaparo Edizioni$d2012 215 $a95 p.$cill.$d24 cm 300 $aPubblicazione curata dalla Soprintendenza per i BAP per le province di Salerno e Avellino e promossa dalla provincia di Salerno 610 0 $aPaesaggi$aItalia meridionale 676 $a719$v22$zita 702 1$aSantoro,$bLorenzo 801 0$aIT$bUNINA$gRICA$2UNIMARC 901 $aBK 912 $a990009677930403321 952 $aURB.LE B 2732$bs.i.$fFARBC 952 $a02.404$b10469$fDARST 959 $aFARBC 959 $aDARST 996 $aProvincia di Salerno$9839464 997 $aUNINA LEADER 01212nam0 2200337 450 001 000021813 005 20090218151021.0 100 $a20080626d1949----km-y0itaa50------ba 101 1 $aita 102 $aIT 200 1 $aAmleto aveva uno zio$ela commedia dell'onore$fdi James B. Cabell 210 $aMilano$c<> Mondadori$d1949 215 $a245 p.$d20 cm 225 2 $aMedusa$v232 300 $aIn testa al front. firma autografa: Sergio de Pilato, nel luglio '49 300 $aL. 550 300 $aTit. orig.: Hamlet had an uncle 300 $aTrad. dall'inglese di Olga Ceretti 410 0$12001$aMedusa$v232 676 $a813.52$v(20 ed.)$9Narrativa americana in inglese. 1900-1945 700 1$aCabell,$bJames Branch$0443762 702 1$aCeretti Borsini,$bOlga 801 0$aIT$bUniversità della Basilicata - B.I.A.$gRICA$2unimarc 912 $a000021813 996 $aAmleto aveva uno zio$988622 997 $aUNIBAS BAS $aLETTERE CAT $aSTD063$b01$c20080626$lBAS01$h1149 CAT $aTTM$b30$c20090218$lBAS01$h1510 FMT Z30 -1$lBAS01$LBAS01$mBOOK$1BASA1$APolo Storico-Umanistico$2FDEP2$BFondo De Pilato Biscione$3FD/107612$6107612$5L107612$820090129$f52$FRari